00612nam a2200193Ia 4500008004100000020001800041082001600059100002100075245002400096250000800120260004200128300002300170500001900193600003300212650001400245942000700259952013500266999001700401240925s9999 xx 000 0 und d a9789332526471 a001.424 NAT aNatarajan, A. M. 0aOperations Research a2nd aNew Delhi:bPearson Educationc,2014. a710p.b0fOriginal aIncludes Index aHumanities & Natural Science aGeneralia cBK 001040708HUMaUITUbUITUd2019-02-03eAllied Book Companyg1196.00l0o001.424 NATpQ14442r2024-09-25 07:17:18w2024-09-25yBK c16941d16941